Vida líquida

Saved in:
Bibliografiske detaljer
Hovedforfatter: Bauman, Zygmunt (Author)
Format: Bog
Sprog:spansk
Udgivet: Buenos Aires Paidós 2006
Udgivelse:1a. ed
Serier:Paidós Estado y Sociedad, 143
Fag:
Tags: Tilføj Tag
Ingen Tags, Vær først til at tagge denne postø!

MARC

LEADER 00000nam a2200000 a 4500
001 UCJ2415
003 CL-VaPUC
008 061214e20060000AG |||||||||||||||||spa|d
020 |a 9501264432 
082 0 4 |a 303.4  |b BAU  |2 21 
100 0 |a Bauman, Zygmunt  |e author  |9 503418 
245 1 0 |a Vida líquida 
250 |a 1a. ed 
300 |a 206 p 
942 |c BK 
945 |d 20061214 00:00:00  |a jtorresc 
260 |a Buenos Aires  |b Paidós  |c 2006 
650 0 |a Sistemas sociales  |9 308361 
650 0 |a Sociedad moderna  |9 389998 
650 0 |a Cambio social   |9 256857 
650 0 |a Sociología   |9 255410 
650 0 |a Comunicación   |9 257251 
583 |a last modification  |c 20061214 00:00:00  |k Rodrigo Vera 
490 0 |a Paidós Estado y Sociedad, 143 
999 |c 318716  |d 318714 
952 |0 0  |1 0  |4 0  |6 303_400000000000000_BAU_2006  |7 0  |8 A  |9 396739  |a BIBEDU  |b BIBEDU  |d 2019-11-22  |i 4308158  |o 303.4 BAU 2006  |p 4308158  |r 2019-11-22  |w 2019-11-22  |y BK  |k PSI